| 000 | 00452nam a2200181Ia 4500 | ||
|---|---|---|---|
| 003 | OSt | ||
| 005 | 20260202124521.0 | ||
| 008 | 210210b1952 xxu||||| |||| 00| 0 eng d | ||
| 040 | _cAL | ||
| 041 | _akan | ||
| 082 | _a853/6 | ||
| 100 |
_aATREYA _9160431 _dಆತ್ರೇಯ. |
||
| 245 |
_aKavi pungava: _bಕವಿ ಪುಂಗವ |
||
| 260 |
_aBengaluru _bPurogami _c1952 |
||
| 690 |
_aKannada Drama _9160432 |
||
| 906 | _a019278 | ||
| 942 |
_2ddc _cBK |
||
| 999 |
_c143399 _d143399 |
||